LEADER 01310nam a2200301 a 4500 001 000000135293 003 CaOOAMICUS 005 20130903131616.0 008 130903s2013 it u000 u ita r 020 $a978-88-13-33205-1 040 $aPUL$bita 082 04$a344.4501 100 1 $aTursi, Armando.$0(OLS)http://pul/name/87166 245 10$aIstituzioni di diritto del lavoro :$brapporti di lavoro e relazioni sindacali nel settore privato /$cArmando Tursi, Pier Antonio Varesi. 250 $a6. ed. 260 $aPadova :$bCEDAM,$c2013. 300 $aXXII, 594 p. ;$c24 cm 504 $aBibliografia in nota. 650 4$aDiritto del lavoro$zItalia.$0(OLS)http://pul/subject/2593 700 1 $aVaresi, Pier Antonio.$0(OLS)http://pul/name/75849 850 $aPUL 852 $aPUL$W1$xSL Diritto e Scienze Sociali 3$y79$m344. 4501 TURAR 1$j155890$qDDC 21$B155314$CPULBib$Z2$F155314 $H122801 $82 941 1 $a9 996 $6020$a978-88-13-33205-1$9(OLS)http://pul/number/153481 996 $6082$a344.4501$9(OLS)http://pul/classification/1851 996 $6245$aIstituzioni di diritto del lavoro :$brapporti di lavoro e relazioni sindacali nel settore privato$9(OLS)http://pul/title/171084 996 $6260$aPadova :$bCEDAM$9(OLS)http://pul/publisher/48126 LEADER 01095nam a2200277 a 4500 001 000000168090 003 CaOOAMICUS 005 20180607142850.0 008 180607s1990 it u000 u ita u 020 $a88-204-1851-7* 032 $aLibriCat 040 $aPUL$bita 100 1 $aVillani, Andrea,$d1934-$0(OLS)http://pul/name/42018 245 10$aArte, potere, mercato : $beconomia e politica dell'arte /$cAndrea Villani . 260 $aMilano :$bFrancoAngeli,$c1990. 300 $a133 p. ; $c22 cm. 490 1 $aLa società 650 4$aArte.$0(OLS)http://pul/subject/12836 830 3$aLa società (Franco Angeli).$0(OLS)http://pul/title/62000 850 $aPUL 852 $aPUL$W1$xDP1 Fondo Dalla Palma$y117$m4 B 24$j163245$qFondi$B195909$CPULBib$Z2$F195909 $HDal31 $81 941 1 $a1 996 $6020$a88-204-1851-7*$9(OLS)http://pul/number/164278 996 $6245$aArte, potere, mercato : $beconomia e politica dell'arte$9(OLS)http://pul/title/208282 996 $6260$aMilano :$bFrancoAngeli$9(OLS)http://pul/publisher/66898